| 000 | 00589 a2200217 4500 | ||
|---|---|---|---|
| 005 | 20251230103944.0 | ||
| 008 | 251230b |||||||| |||| 00| 0 eng d | ||
| 020 |
_a9788197907418 _cRs. 400.00 |
||
| 040 | _aMAIN | ||
| 082 |
_a371.912 _bS23I |
||
| 100 | _aSharma, Sandeep | ||
| 245 | _aIndian sign language of linguistics | ||
| 260 |
_bKanishka Publishers, Distributors _c2025 _aNew Delhi |
||
| 300 | _a107 | ||
| 650 | _aEducation | ||
| 650 | _aEducation of the Deaf | ||
| 650 | _aSpecial Education | ||
| 700 | _aJat, Kamlesh | ||
| 700 | _aJat, Parveen Kumar, ed. | ||
| 942 | _cBK | ||
| 999 |
_c393820 _d393820 |
||